000 00483nam a22001817a 4500
005 20230110102721.0
008 221219b |||||||| |||| 00| 0 eng d
020 _a978-817800-13-4
041 _aeng
082 _a653.9 MAN-G
100 _aMANOHAR , K. RADHA AND IGATHINATHANE C.
_97406
245 _aGREEN HOUSE TECHNOLOGY AND MANAGEMENT
250 _a2nd
260 _aHYDERABAD
_bBSP PUBLICATIONS
_c2020
300 _a212;P.
650 _aAGRICULTURE
_92837
942 _cBK
999 _c8134
_d8132